00469cam a2200145 4500008004100000020001800041035002000059050001800079100002300097245006600120260003900186300002100225504005000246650002700296120618n 000 0 eng u a9780750947152 a(Sirsi) a176518 aPN50 TEI 2007 aTeimourian, Hazhir aOmar khayyam:bpoet, rebel and astronomer/cHazhir Teimourian aGloucestershire: bSutton, c2007. ax, 365p.: bill. aIncludes bibliographical referenves and index aLiterature and history